00615nam a22002057a 450000500170000001000150001702000260003203500140005803700130007208200110008510000340009624500730013025000100020326000400021327000770025330000200033070000100035094200300036099900190039020250507121214.0 aENG-144785 a9788190513456c600.00 aEN-128317 bDBAD/PUB a320.54 aChaudhari,Tapas k Roy 981048 aNationalism:cTapas k Roy ChaudharybTagore's Critique And Alterity/ aFirst akolkatabRina Majumder cmarch,2013 a20,Nabin kandu Lanebkolkatae700009k9231489145mraktakarabee@gmail.com a384p.c22cm(pb) 980878 2ddccENh384mchoe1kcho c211172d211172